| 000 | 02009nam a2200289 a 4500 | ||
|---|---|---|---|
| 001 | BRCA_2370 | ||
| 005 | 20190320203758.0 | ||
| 008 | 071108s1608----sp-#---###---#000-0#spa-u | ||
| 041 | _aspa | ||
| 044 | _asp | ||
| 084 |
_a011 _b.C84 _c1608 |
||
| 100 | 1 |
_aCervantes Saavedra, Miguel de _d1547-1616 _9213 |
|
| 245 | 1 | 0 |
_aEl Ingenioso Hidalgo Don Quixote de la Mancha _bdirigido al Duque de Béjar, Marques de Gibraleón, Conde de Benalcazar, y Bañares, Vizconde de la Puebla de Alcocer Señor de las villas de Capilla, Curiel y Burguillos _ccompuesto por Miguel de Cervantes Saavedra. |
| 260 |
_aMadrid _bJuan de la Cuesta _c1608 |
||
| 300 |
_a1 v. (en varias paginaciones) _c21 cm. |
||
| 500 | _aContenido : Tasa. Privilegio. Licencia. Dedicatoria del autor al Duque de Béjar. Prólogo del autor. Versos preliminares. Texto | ||
| 500 | _aTercera edición de Cuesta, hecha sobre la primera y segunda del mismo impresor. En ella se enmendaron muchas erratas y corrigieron varios errores cometiéndose otros, como por ejemplo, el de sustituir los nudos de la falda de D. Quijote que constituían las cuentas del rosario en la edición príncipe, por unas agallas de alcornoque de la presente (I, 26). Por ello, partiendo de erróneas posiciones interpretativas, muchos cervantistas creyeron que fuera el mismo Cervantes quién corrigió esta edición, creencia hoy definitivamente desacreditada. Fue el notable cervantista y sacerdote español, Clemente Cortejón, que la destruyó con pruebas fehacientes. Encuadernado en pergamino Lúdovik Osterc | ||
| 500 | _aEstado físico : Recuperación física en 2008 | ||
| 500 | _aCon ex-libris de : John Mordaunt Bar | ||
| 650 | 1 | 4 |
_aNovela española _yÉpoca clásica, 1500-1700 _9215 |
| 650 | 1 | 4 |
_aLiteratura española _yÉpoca clásica, 1500-1700 _9216 |
| 650 | 1 | 4 |
_aNovela española _ySiglo XVII _9217 |
| 650 | 1 | 4 |
_aDon Quijote (Personaje ficticio) _eNovela _9218 |
| 740 | 0 | _aEl Ingenioso Hidalgo Don Quijote de la Mancha | |
| 902 | _aQFM | ||
| 942 |
_2lcc _cB |
||
| 999 |
_c2111 _d2111 |
||